000 04930nkm0a2200565 4500
001 RU\NLR\BIBL_A\022727474
005 20260407222637.0
035 _a(NLR Aleph) 022727474
090 _a13554997
_c13554997
100 _a20260215 rusy50
101 0 _arus
_afre
_ager
102 _aRU
116 _adiycxx zz ae
181 0 _ab4
_bxb2e
182 0 _an
200 1 _aЦесаревна Елизавета у Преображенских казарм 25 ноября 1741 г.
_eпочтовая карточка
_fЕ. Лансере
203 _aИзображение
_bнеподвижное
_bдвухмерное
_bвизуальное
_cнепосредственное
210 _a[Москва
_cиздание И. Н. Кнебеля
_d1912 или 1913]
215 _a1 л.
_cцв. автотип.
_d8,9х13,9
225 1 _a[Картины по русской истории]
300 _aЗагл. также на фр. яз.: L'impératrice Elisabeth и на нем. яз.: Kaiserin Elisabeth
300 _aХудожник также на фр. яз.: E. Lanceret и на нем. яз.: E. E. Lanceret
300 _aВых. дан. и загл. серии установл. по: Юниверг Л. И. Иосиф Кнебель и его открытки // Жук : журнал любителей открыток. 2008. № 1 (16). С. 27
317 _aЭкз. РНБ на шифре Э ОИр258,5/3, Эот92674: из коллекции открыток А. Пронина
_5NLR: Э ОИр258,5/3
327 0 _aВоспроизведение картины № 37 из раздела "Всероссийская Русь" в издании: Картины по русской истории, изданные под общей редакцией [и с объяснительным текстом] С. А. Князькова. Москва : Гроссман и Кнебель, 1908-1913
517 1 _6z47790
_aL'impératrice Elisabeth
_zfre
517 1 _6z48790
_aKaiserin Elisabeth
_zger
600 0 _aЕлизавета Петровна
_cимператрица российская
_f1709 - 1762
_jОткрытки
_91057271
_3RU\NLR\AUTH\66409746
601 0 2 _aПреображенский лейб-гвардии полк
_jОткрытки
_92229569
_3RU\NLR\AUTH\661338267
606 1 _aПочтовые открытки маркированные художественные
_yРоссия
_z1895 - 1917
_92195710
_3RU\NLR\AUTH\6601555036
607 _aРоссия
_jОткрытки
_xИстория
_z1725 - 1762
_92418477
_3RU\NLR\AUTH\661440448
610 1 _aПортретные открытки
610 1 _aРепродукционные открытки
617 _aРоссия
_cСанкт-Петербургская губерния
_cСанкт-Петербургский уезд
_dСанкт-Петербург, город
617 _f17411125
686 0 _aЩ153(2Р=Рус)53-489
700 1 _4040
_8rus
_7ca
_aЛансере
_bЕ. Е.
_gЕвгений Евгеньевич
_f1875-1946
_3RU\NLR\AUTH\7756569
_939501
702 0 _4570
_8rus
_7ca
_aЕлизавета Петровна
_cимператрица российская
_f1709-1762
_3RU\NLR\AUTH\778655
_9118551
702 1 _aПронин
_bА. Г.
_f1927-2007
_gАлександр Георгиевич
_5NLR: Э ОИр258,5/3, Эот92674
_4390
712 0 0 _4650
_aКнебель
_gИ. Н.
_hиздательство
_cМосква
_3RU\NLR\AUTH\8810150068
_9794757
790 1 _4040
_7ba
_8rus
_aLansere
_bE. E.
_f1875-1946
_gEvgenij Evgen'evič
_3RU\NLR\AUTH\770238418
_9238362
830 _a№ 37: Е.Е. Лансере. Цесаревна Елизавета в Преображенских казармах. - 1913. -18 с.: https://www.prlib.ru/item/1282675 (13.02.2026). АЯ ОЭФ
830 _aКоллекция открыток Александра Пронина (около 500 ед.) - дар, полученный РНБ в 1997 г. из США, из Henry Madden Library (Fresno, CA). "California State University, Fresno. Henry Maddan Library. Department of special collections. Alexander Pronin collection of russian postcards" (из сопроводительной описи, хранящейся в Отделе эстампов). А.Я. ОЭст
830 _a"Dr. Alexander Georgievich Pronin (1927-2007) was a writer and professor of Russian Studies at California State University, Fresno for 28 years. Author: Russian Folk Arts, Byliny, Heroic Tales of Old Russia": https://oac.cdlib.org/findaid/ark:/13030/kt138nd1k8/ (17.07.2024). АЯ ОЭФ
830 _aЮниверг Л. И. Иосиф Кнебель и его открытки: https://russianpostcardunion.ru/zhurnal-zhuk/docs/2008-01-16.pdf (17.07.2024). АЯ ОЭФ
852 0 0 _aNLR
_bЭ
_jОИр258,5/3
_mЭот92674
942 _cVISUAL
980 _aNB